Newbery medal books, 1922-1955, (Record no. 1096)
[ view plain ]
| 000 -LEADER | |
|---|---|
| fixed length control field | 00996cam a2200289I 4500 |
| 001 - CONTROL NUMBER | |
| control field | 1096 |
| 003 - CONTROL NUMBER IDENTIFIER | |
| rucl marc code | BD-RjUL |
| 005 - DATE AND TIME OF LATEST TRANSACTION | |
| control field | 20211208233256.0 |
| 008 - FIXED-LENGTH DATA ELEMENTS--GENERAL INFORMATION | |
| fixed length control field | 131124s1955 maua 00010 eng |
| 035 ## - SYSTEM CONTROL NUMBER | |
| System control number | (BD-RjUL) 1118 |
| 040 ## - CATALOGING SOURCE | |
| Original cataloging agency | DLC |
| Transcribing agency | WSU |
| Modifying agency | SER |
| -- | m.c. |
| -- | BOS |
| -- | BD-RjUL |
| Language of cataloging | eng |
| 041 ## - LANGUAGE CODE | |
| Language code of text/sound track or separate title | eng |
| 082 ## - DEWEY DECIMAL CLASSIFICATION NUMBER | |
| Classification number | 028.5 |
| Author mark and year | NEW 1955 |
| 245 10 - TITLE STATEMENT | |
| Title | Newbery medal books, 1922-1955, |
| Remainder of title | with their author's acceptance papers & related material chiefly from the Horn book magazine / |
| Statement of responsibility, etc. | edited by Bertha Mahony Miller and Elinor Whitney Field. |
| 260 ## - PUBLICATION, DISTRIBUTION, ETC. (IMPRINT) | |
| Place of publication, distribution, etc. | Boston : |
| Name of publisher, distributor, etc. | Horn Book, inc., |
| Date of publication, distribution, etc. | 1955. |
| 300 ## - PHYSICAL DESCRIPTION | |
| Pagination | v.1, xvi, 458 p. : |
| Illustrations | illus. ; |
| Size | 24 cm. |
| 490 1# - SERIES STATEMENT | |
| Series statement | Horn book papers, |
| Volume/sequential designation | v. 1. |
| 650 #0 - SUBJECT ADDED ENTRY--TOPICAL TERM | |
| Topical term or geographic name as entry element | Newbery Medal. |
| 9 (RLIN) | 3230 |
| 700 10 - ADDED ENTRY--PERSONAL NAME | |
| Personal name | Field, Elinor Whitney, |
| Dates associated with a name | 1889-1980. |
| Personal name | Miller, Bertha E. Mahony |
| 830 #0 - SERIES ADDED ENTRY--UNIFORM TITLE | |
| Volume number/sequential designation | v. 1. |
| 830 #0 - SERIES ADDED ENTRY--UNIFORM TITLE | |
| Uniform title | Horn book papers, |
| 942 ## - ADDED ENTRY ELEMENTS (KOHA) | |
| Source of classification or shelving scheme | Dewey Decimal Classification |
| Koha item type | Books |
| Lost status | Source of classification or shelving scheme | Damaged status | Not for loan | Collection code | Permanent Location | Current Location | Shelving location | Date acquired | Source of acquisition | Cost, normal purchase price | Total Checkouts | Full call number | Date last seen | Copy number | Koha item type |
|---|---|---|---|---|---|---|---|---|---|---|---|---|---|---|---|
| Dewey Decimal Classification | Not For Loan | Non-fiction | Central Library, University of Rajshahi | Central Library, University of Rajshahi | Reading Room | 28/08/1963 | USA | 0.00 | 028.5 NEW 1955 | 24/11/2013 | C-1 | Books |